Una conferencia y una lectura de Valle-Inclán en el Ateneo (1915) / (Record no. 193671)

MARC details
000 -LEADER
campo de control de longitud fija 01488nab a2200289 i 4500
001 - NÚMERO DE CONTROL
campo de control 193671
003 - IDENTIFICADOR DE NÚMERO DE CONTROL
campo de control ES-MaACL
005 - FECHA Y HORA DE LA ÚLTIMA TRANSACCIÓN
campo de control 20250810063057.0
007 - CAMPO FIJO DE DESCRIPCIÓN FÍSICA--INFORMACIÓN GENERAL
campo de control de longitud fija t|
008 - DATOS DE LONGITUD FIJA--INFORMACIÓN GENERAL
campo de control de longitud fija 240205s2012 sp ||||1| spa d
040 ## - FUENTE DE CATALOGACIÓN
Centro catalogador/agencia de origen ES-MaACL
Lengua de catalogación spa
100 1# - ENTRADA PRINCIPAL--NOMBRE DE PERSONA
Nombre de persona Muñoz Monge, Jesús María
Término indicativo de función/relación Autor
9 (RLIN) 235036
245 14 - MENCIÓN DEL TÍTULO
Título Una conferencia y una lectura de Valle-Inclán en el Ateneo (1915) /
Mención de responsabilidad, etc. Jesús M.ª Monge
260 ## - PUBLICACIÓN, DISTRIBUCIÓN, ETC.
Lugar de publicación, distribución, etc. [Barcelona] :
Nombre del editor, distribuidor, etc. El Pasajero,
Fecha de publicación, distribución, etc. 2002
300 ## - DESCRIPCIÓN FÍSICA
Extensión 8 páginas ;
Dimensiones 30 cm
500 ## - NOTA GENERAL
Nota general Fotocopia de "Una conferencia y una lectura de Valle-Inclán en el Ateneo (1915)", publicado en "El Pasajero: revista de estudios sobre Ramón del Valle-Inclán", primavera 2002
500 ## - NOTA GENERAL
Nota general Taller d'Investigacions Valleinclanianes. Conferencia y lectura inéditas presentadas en la comunicación "Valle-Inclán, historiador y crítico de arte", leída en las xornadas de estudio "Valle-Inclán, cen anos de actualidades literarias", Vilanova de Arousa, 14-16 de marzo 2002
530 ## - NOTA DISPONIBLE DE FORMULARIO FÍSICO ADICIONAL
Nota de formato físico adicional disponible Disponible en formato digital
600 14 - PUNTO DE ACCESO ADICIONAL DE MATERIA--NOMBRE DE PERSONA
Nombre de persona Valle-Inclán, Ramón del,
Fechas asociadas al nombre 1866-1936
9 (RLIN) 112796
610 24 - PUNTO DE ACCESO ADICIONAL DE MATERIA--NOMBRE DE ENTIDAD CORPORATIVA
Nombre de entidad corporativa o nombre de jurisdicción como elemento de entrada Ateneo de Madrid-
Subdivisión de forma Conferencias-
Subdivisión cronológica 1900-1939
9 (RLIN) 1907
740 32 - ENTRADA AGREGADA--TÍTULO RELACIONADO/ANALÍTICO NO CONTROLADO
Título relacionado o analítico no controlado El quietismo estético, 13 de marzo de 1915
852 4# - LOCALIZACIÓN
Ubicación ES-MaACL
Ubicación en estantería Depósito folletos
Número de control de estantería 2347-F-43
Nota libre Revisado enlace: 7 de mayo de 2025
itemnumber 201192
856 4# - LOCALIZACIÓN Y ACCESO ELECTRÓNICOS
Identificador Uniforme de Recursos <a href="https://www.elpasajero.com/confarte.htm">https://www.elpasajero.com/confarte.htm</a>
Texto de enlace Versión en línea
Nota pública (El Pasajero)
942 ## - ELEMENTOS DE ENTRADA SECUNDARIOS (KOHA)
Fuente del sistema de clasificación o colocación Clasificación decimal universal
Tipo de ítem Koha Artículo de revista
Suprimir en OPAC No
Holdings
Estatus retirado Estado de pérdida Fuente del sistema de clasificación o colocación Estado de daño No para préstamo Colección Biblioteca de origen Biblioteca actual Ubicación en estantería Fecha de adquisición Total de préstamos Signatura topográfica completa Código de barras Visto por última vez Tipo de ítem Koha
    Clasificación decimal universal     Biblioteca Digital del Ateneo de Madrid Biblioteca del Ateneo de Madrid Biblioteca del Ateneo de Madrid Depósito folletos 05/02/2024   2347-F43 101206570 05/02/2024 Artículo de revista